Óperas : 1a série (Registo nº 200979)

Detalhes MARC
000 -Etiqueta do registo
Valores 00482nam a2200169 4500
100 ## - Dados gerais de processamento
Dados gerais 20260304 pory50
200 ## - Titulo e menção de responsabilidade
Título próprio Óperas : 1a série
Primeira menção de responsabilidade textos organizados por Mário Bravo
210 ## - Publicação
Local de publicação Lisboa
Nome do editor Prelo
Data de publicação [S.d.]
215 ## - Descrição física 
Paginação / Volumes 120, [4] p.
Outras indicações físicas brochado
Dimensões 18 cm
606 ## - Nome comum usado como assunto
ID Autoridade 15279
Palavra de ordem Música
Subdivisão assunto Música dramática. Ópera
675 ## - CDU
Notação 782
Edição PT
Língua por
700 ## - Autor principal (pessoa individual)
ID Autoridade 16645
Apelido Bravo
Nome Mário
801 ## - Fonte de origem
País PT
Agência BMMN
Regras de catalogação RPC
830 ## - Notas gerais do catalogador
Criado por Vanda
990 ## - Elementos KOHA
Tipo de documento Livro
Exemplares
Situação do levantamento Biblioteca de origem Código de barras Cota Permissão de empréstimo Tipo de documento Forma de aquisição
  Biblioteca Municipal de Montemor-o-Novo 30242 782 BRA|DEP   Livro Compra

Powered by Koha